<?xml version="1.0" encoding="UTF-8"?>
<record
    xmlns:xsi="http://www.w3.org/2001/XMLSchema-instance"
    xsi:schemaLocation="http://www.loc.gov/MARC21/slim http://www.loc.gov/standards/marcxml/schema/MARC21slim.xsd"
    xmlns="http://www.loc.gov/MARC21/slim">

  <leader>00729nam a2200241 a 4500</leader>
  <controlfield tag="001">BRL_1807</controlfield>
  <controlfield tag="005">20190320211357.0</controlfield>
  <controlfield tag="008">040815s1964----mx-#######---#000-0#spa-#</controlfield>
  <datafield tag="041" ind1=" " ind2=" ">
    <subfield code="a">spa</subfield>
  </datafield>
  <datafield tag="044" ind1=" " ind2=" ">
    <subfield code="a">mx</subfield>
  </datafield>
  <datafield tag="050" ind1=" " ind2="4">
    <subfield code="a">PM4063</subfield>
    <subfield code="b">.L86 1964</subfield>
  </datafield>
  <datafield tag="100" ind1="1" ind2=" ">
    <subfield code="a">Luna Cardenas, Juan</subfield>
    <subfield code="9">27917</subfield>
  </datafield>
  <datafield tag="245" ind1="1" ind2="0">
    <subfield code="a">Aztequismos en el espa&#xF1;ol de M&#xE9;xico</subfield>
    <subfield code="c">Juan Luna Cardenas.</subfield>
  </datafield>
  <datafield tag="260" ind1=" " ind2=" ">
    <subfield code="a">M&#xE9;xico</subfield>
    <subfield code="b">Instituto Federal de Capacitaci&#xF3;n del Magisterio ; SEP</subfield>
    <subfield code="c">1964</subfield>
  </datafield>
  <datafield tag="300" ind1=" " ind2=" ">
    <subfield code="a">158 p.</subfield>
    <subfield code="b">il.</subfield>
    <subfield code="c">16 cm.</subfield>
  </datafield>
  <datafield tag="440" ind1=" " ind2="0">
    <subfield code="a">T&#xE9;cnica y ciencia</subfield>
    <subfield code="v">22</subfield>
    <subfield code="9">27918</subfield>
  </datafield>
  <datafield tag="500" ind1=" " ind2=" ">
    <subfield code="a">Au1971</subfield>
  </datafield>
  <datafield tag="650" ind1="1" ind2="4">
    <subfield code="a">N&#xE1;huatl</subfield>
    <subfield code="x">Gram&#xE1;tica</subfield>
    <subfield code="9">27919</subfield>
  </datafield>
  <datafield tag="650" ind1="1" ind2="4">
    <subfield code="a">N&#xE1;huatl</subfield>
    <subfield code="v">Etimolog&#xED;a</subfield>
    <subfield code="9">27920</subfield>
  </datafield>
  <datafield tag="650" ind1="1" ind2="4">
    <subfield code="a">N&#xE1;huatl</subfield>
    <subfield code="v">Diccionarios</subfield>
    <subfield code="x">Espa&#xF1;ol</subfield>
    <subfield code="9">27882</subfield>
  </datafield>
  <datafield tag="902" ind1=" " ind2=" ">
    <subfield code="a">GRL</subfield>
  </datafield>
  <datafield tag="942" ind1=" " ind2=" ">
    <subfield code="2">lcc</subfield>
    <subfield code="c">B</subfield>
  </datafield>
  <datafield tag="999" ind1=" " ind2=" ">
    <subfield code="c">10615</subfield>
    <subfield code="d">10615</subfield>
  </datafield>
  <datafield tag="952" ind1=" " ind2=" ">
    <subfield code="0">0</subfield>
    <subfield code="1">0</subfield>
    <subfield code="4">0</subfield>
    <subfield code="7">0</subfield>
    <subfield code="a">BRL</subfield>
    <subfield code="b">BRL</subfield>
    <subfield code="d">2015-08-04</subfield>
    <subfield code="i">Au1971</subfield>
    <subfield code="l">0</subfield>
    <subfield code="o">PM4063 .L86 1964 (Au1971)</subfield>
    <subfield code="p">GRL01982</subfield>
    <subfield code="r">2019-03-22 00:00:00</subfield>
    <subfield code="w">2019-03-22</subfield>
    <subfield code="y">B</subfield>
  </datafield>
</record>
